000 00335nam a2200133Ia 4500
008 220204s9999 xx 000 0 und d
082 _a633.2
_bHEA
100 _aHEATH, Maurice E
245 0 _aForages: The science of grassland agriculture
250 _aEd.3
260 _aUSA
_bIowa State Uty
650 _aForage grass
942 _cBK
999 _c34788
_d34788